00479nam a2200133Ia 4500008004100000100003500041245007300076245006000149260005300209260000900262300001200271650001500283856004700298170221s9999 xx 000 0 und d aNatalya Stepanovna Martyshenko aEvent: Strategies of Tourism Development in Primorsky Krai (Russia)  cNatalya Stepanovna Martyshenko, Angelina Georgievna Kim bInternational Review of Management and Marketing c2016 a15 : 11 xMarketing. uhttp://www.econjournals.com/index.php/irmm